Katzgraber - Svoboda - Wirth Rakousko : [katalog výstavy] : Galerie výtvarného umění Litoměřice : říjen 1966 /

Další autoři: Škvára, Jan, 1933-
Jazyk: Čeština
Vydáno: Litoměřice : Galerie výtvarného umění, 1966
Fyzický popis: 1 sv. (nestr.)
Knihy
Uloženo v:
LEADER 00701nam a22001932a 4500
001 001725339
003 CZ BrMZK
005 20210120130302.0
007 ta
008 200115s1966 xr er|||||||||||cze d
040 |a BOA001  |b cze  |e aacr2 
245 0 0 |a Katzgraber - Svoboda - Wirth Rakousko :  |b [katalog výstavy] : Galerie výtvarného umění Litoměřice : říjen 1966 /  |c text Jan Škvára 
260 |a Litoměřice :  |b Galerie výtvarného umění,  |c 1966 
300 |a 1 sv. (nestr.) 
700 1 |a Škvára, Jan,  |d 1933-  |7 jn99240001642  |4 wfw 
910 |a BOA001  |b X2-0568.512 
990 |a BK 
991 |b 202001 
996 6 |b 2618843353  |c X2-0568.512  |l MZK  |r Sklad / do 24 hodin  |n 0  |w 001776737  |u 000010  |a 1  |e BOA001  |j MZK50  |s P